| 000 | 00765nam a2200265Ia 4500 | ||
|---|---|---|---|
| 003 | OSt | ||
| 005 | 20220918220734.0 | ||
| 006 | a|||||r|||| 00| 0 | ||
| 007 | ta | ||
| 008 | 220917b |||||||| |||| 00| 0 eng d | ||
| 024 | _a146,927 | ||
| 037 | _cTextual | ||
| 040 |
_aARTS _cARTS _beng |
||
| 041 |
_2eng _aeng |
||
| 082 | _aY1:351.236.N5, L1;M0 | ||
| 100 |
_aBedi Sohinder Singh _966821 |
||
| 245 | 0 | _aFolklore of the Punjab | |
| 260 |
_aDelhi _bNational Book Trust India _c1971 |
||
| 300 |
_a162p. illus _ccm. |
||
| 490 | _aFolklore of India series 1980 | ||
| 500 | _aBibliography p126-153; Appendix p126-153 | ||
| 650 | _aSOCIOLOGY | ||
| 942 |
_hY1:351.236.N5, L1;M0 _cTEXL _2CC |
||
| 999 |
_c269682 _d269682 |
||